000 00394nam a2200145Ia 4500
005 20251222152043.0
008 251222s9999||||xx |||||||||||||| ||spa||
020 _a978-607-17-0033-9
082 _a636.208.24/F41
100 _aFernández de Córdova y de la Barrera, Luis
245 0 _aReproducción aplicada en el ganado bovino lechero
250 _a2a.ed.
264 _bEDIT
942 _cLIB
999 _c26140
_d26140